• 首页
  • 本馆介绍
  • 公告通知
  • 最新文献
  • 馆藏检索
  • 电子资源
  • 读者导购
  • 参考咨询
  • 我的图书馆
  • 登录
  • 详细信息显示
  • 放入我的书架
  • 预约/预借图书
  • 作者相关作品
  • 分类相关作品
  • 丛书相关作品
  • 出版社相关作品

书目信息

  • 表格格式
  • 工作单格式
  • 卡片格式
题名:
西风东渐
    
 
作者: 苏生文 , 赵爽 著
分册:  
出版信息: 北京   中华书局  2010
页数: 210页
开本: 21cm
丛书名: 文史知识文库
单 册:
中图分类: D693.9
科图分类:
主题词: 中国--近代史--研究 , 中国
电子资源:
ISBN: 978-7-101-07162-7
000 01033nam0 2200289 45
001 1355680108
005 20130515145220.31
010    @a978-7-101-07162-7@dCNY18.00
100    @a20130108d2011 ekmy0chiy0120 ea
101 0  @achi
102    @aCN@b110000
105    @ay z 000yy
106    @ar
200 1  @a西风东渐@AXi Feng Dong Jian@e衣食住行的近代变迁@EYi Shi Zhu Xing De Jin Dai Bian Qian@f苏生文, 赵爽著 @FSu Sheng Wen , Zhao Shuang Zhu
210    @a北京@c中华书局@d2010
215    @a210页@c图,照片@d21cm
225 0  @a文史知识文库
330    @a本书内容包括:“素裙革履学欧风”——中国近代服饰的变迁、明清来华西方人吃什么、近代国人对西方饮食文化的认识、交通近代化与公共秩序等。
461  0 @12001 @a文史知识文库
517 1  @a衣食住行的近代变迁@AYi Shi Zhu Xing De Jin Dai Bian Qian
606 0  @a中国@x近代史@x研究
606 0  @a中国
690    @aD693.9@v5
701  0 @a苏生文@ASu Sheng Wen@4著
701  0 @a赵爽@AZhao Shuang@4著
801    @aCN@bTANGWEI@c20130111
905    @b0831478-80@dD693.9@e197@f3
    
    西风东渐:衣食住行的近代变迁/苏生文, 赵爽著 .-北京:中华书局,2010
    210页:图,照片;21cm .-(文史知识文库 )
    
    
    ISBN 978-7-101-07162-7:CNY18.00
    本书内容包括:“素裙革履学欧风”——中国近代服饰的变迁、明清来华西方人吃什么、近代国人对西方饮食文化的认识、交通近代化与公共秩序等。
●
相关链接 在E读中查询图书 在五车中查询图书 在当当中查询图书 在豆瓣中查询图书


正题名:西风东渐     索取号:D693.9/197         预约/预借

序号 登录号 条形码 馆藏地/架位号 状态 备注
1 0831478   208314787   第一样本阅览室/ [索取号:D693.9/197] 在馆    
2 0831479   208314796   第一借阅区/ [索取号:D693.9/197] 在馆    
3 0831480   208314803   密集书库-资源管理系/ [索取号:D693.9/197] 在馆    
唐山师范学院图书馆 欢迎您!
大连网信软件有限公司© 版权所有